| 000 | 00830nam a2200253 a 4500 | ||
|---|---|---|---|
| 001 | BRCA_6525 | ||
| 005 | 20190320205505.0 | ||
| 008 | 280911s1935----mx-abo####---#000-0#spa-# | ||
| 041 |
_aspa _heng |
||
| 044 | _amx | ||
| 050 | 4 |
_aF1391 _b.T23 T68 _c1935 |
|
| 100 | 1 |
_aToussaint, Manuel _d1890-1955 _916283 |
|
| 245 | 1 | 0 |
_aGuía ilustrada de Tasco _cManuel Toussaint; con traducción inglesa (with English traslation). |
| 260 |
_aMéxico _bCultura _c1935 |
||
| 300 |
_a52 p. _bil., mapas, fotografías _c17 cm. |
||
| 440 | 0 |
_aTesoros artísticos y bellezas naturales de México _916284 |
|
| 500 | _aEstado físico: Encuadernación desprendida | ||
| 500 | _aL64 | ||
| 650 | 1 | 4 |
_aArquitectura _zTaxco, Guerrero _916285 |
| 650 | 1 | 4 |
_aArquitectura _zMéxico _9596 |
| 651 | 4 |
_aTaxco, Guerrero _910504 |
|
| 902 | _aGFM | ||
| 942 |
_2lcc _cB |
||
| 999 |
_c6209 _d6209 |
||